UBT Library

PRINCIPLES OF HEALTHCARE REIMBURSEMENT (Record no. 60140)

000 -LEADER
fixed length control field 00352nam a22001457a 4500
008 - FIXED-LENGTH DATA ELEMENTS--GENERAL INFORMATION
fixed length control field 230717b ||||| |||| 00| 0 eng d
020 ## - INTERNATIONAL STANDARD BOOK NUMBER
International Standard Book Number 9781584262435
041 ## - LANGUAGE CODE
Language code of text/sound track or separate title eng
080 ## - UNIVERSAL DECIMAL CLASSIFICATION NUMBER
Edition identifier THIRD EDITION
Universal Decimal Classification number 61
082 ## - DEWEY DECIMAL CLASSIFICATION NUMBER
Classification number 61CASTO .B .A
100 ## - Rafti
Rafti 4
101 ## - Shkurtesa
Shkurtesa MJP
245 ## - TITLE STATEMENT
Title PRINCIPLES OF HEALTHCARE REIMBURSEMENT
Statement of responsibility, etc CASTO. B. A
942 ## - ADDED ENTRY ELEMENTS (KOHA)
Source of classification or shelving scheme
Item type Books
Holdings
Withdrawn status Lost status Source of classification or shelving scheme Damaged status Not for loan Collection code Permanent location Current location Date acquired Total Checkouts Full call number Barcode Date last seen Price effective from Koha item type
          Koleksioni i përgjithshem UBT - Lipjan UBT - Lipjan 07/17/2023   61CAS 002-800080821 07/17/2023 07/17/2023 Books
UBT Library © 2015-2024. All rights reserved University Education for Business and Technology